Basic engineering calculations for contractors /

Đã lưu trong:
Bibliografiske detaljer
Hovedforfatter: Domel, August W.
Format: Bog
Sprog:English
Udgivet: New York : McGraw-Hill, 1997.
Fag:
Tags: Tilføj Tag
Ingen Tags, Vær først til at tagge denne postø!
Thư viện lưu trữ: Mạng thư viện Đại học Đà Nẵng
LEADER 01165cam a2200361 i 4500
001 000046457
003 5927
005 20180117093230.0
008 010220b1997 vm 000 eng
020 |a 0070180024 
040 |a LRCC  |c LRCC  |d LRCC 
041 0 |a eng 
082 1 4 |a 690  |b DO-A 
100 1 |a Domel, August W.  |q (August William) 
245 0 0 |a Basic engineering calculations for contractors /  |c August W. (August William) Domel. 
260 |a New York :  |b McGraw-Hill,  |c 1997. 
300 |a xvii, 306p. :  |b ill. 
630 0 4 |a Structural engineering. 
630 0 4 |a House construction. 
650 0 4 |a House construction. 
650 0 4 |a Structural engineering. 
OWN |a DUT 
AVA |a UDN50  |b DUT  |c Book  |d 690 DO-A  |e available  |t Error 5001 Not defined in file expand_doc_bib_avail.  |f 1  |g 0  |h N  |i 0  |j SH  |k 1 
999 |a From the UDN01 
AVA |a UDN50  |b DUT  |c Book  |d 690 DO-A  |e available  |t Error 5001 Not defined in file expand_doc_bib_avail.  |f 1  |g 0  |h N  |i 0  |j SH  |k 1 
TYP |a Monograph 
TYP |a Printed language 
980 |a Mạng thư viện Đại học Đà Nẵng